Radiographic testing / (Record no. 62422)
[ view plain ]
| 000 -LEADER | |
|---|---|
| fixed length control field | 01231cam a22003014a 4500 |
| 001 - CONTROL NUMBER | |
| control field | 12886677 |
| 003 - CONTROL NUMBER IDENTIFIER | |
| control field | NUST - PNEC |
| 005 - DATE AND TIME OF LATEST TRANSACTION | |
| control field | 20170116180748.0 |
| 008 - FIXED-LENGTH DATA ELEMENTS--GENERAL INFORMATION | |
| fixed length control field | 020807s2002 ohua b 001 0 eng |
| 010 ## - LIBRARY OF CONGRESS CONTROL NUMBER | |
| LC control number | 2002012672 |
| 020 ## - INTERNATIONAL STANDARD BOOK NUMBER | |
| International Standard Book Number | 1571170456 |
| 040 ## - CATALOGING SOURCE | |
| Transcribing agency | LIBRARY |
| 042 ## - AUTHENTICATION CODE | |
| Authentication code | pcc |
| 050 00 - LIBRARY OF CONGRESS CALL NUMBER | |
| Classification number | TA417.25 |
| Item number | .R32 2002 |
| 082 00 - DEWEY DECIMAL CLASSIFICATION NUMBER | |
| Classification number | 620.1127 BOSS |
| Edition number | 21 |
| 100 ## - MAIN ENTRY--PERSONAL NAME | |
| 9 (RLIN) | 1460 |
| Personal name | Bossi Richard H. |
| 245 00 - TITLE STATEMENT | |
| Title | Radiographic testing / |
| Statement of responsibility, etc. | technical editors, Richard H. Bossi, Frank A. Iddings, George C. Wheeler. |
| 260 ## - PUBLICATION, DISTRIBUTION, ETC. | |
| Place of publication, distribution, etc. | Columbus, OH : |
| Name of publisher, distributor, etc. | American Society for Nondestructive Testing, |
| Date of publication, distribution, etc. | 2002. |
| 300 ## - PHYSICAL DESCRIPTION | |
| Extent | xi, 691 p. : |
| Other physical details | ill. ; |
| Dimensions | 29 cm. |
| 440 #0 - SERIES STATEMENT/ADDED ENTRY--TITLE | |
| Title | Nondestructive testing handbook (3rd ed.) ; |
| Volume/sequential designation | v. 4 |
| 504 ## - BIBLIOGRAPHY, ETC. NOTE | |
| Bibliography, etc. note | Includes bibliographical references and index. |
| 530 ## - ADDITIONAL PHYSICAL FORM AVAILABLE NOTE | |
| Additional physical form available note | Also available in CD-ROM. |
| 650 #0 - SUBJECT ADDED ENTRY--TOPICAL TERM | |
| Topical term or geographic name entry element | Radiography, Industrial. |
| General subdivision | ME, IME |
| 856 ## - ELECTRONIC LOCATION AND ACCESS | |
| Uniform Resource Identifier | <a href="http://www.amazon.com/Radiographic-Testing-Nondestructive-Handbook-3rd/dp/1571170456/ref=sr_1_1?s=books&ie=UTF8&qid=1424682398&sr=1-1&keywords=9781571170453">http://www.amazon.com/Radiographic-Testing-Nondestructive-Handbook-3rd/dp/1571170456/ref=sr_1_1?s=books&ie=UTF8&qid=1424682398&sr=1-1&keywords=9781571170453</a> |
| 906 ## - LOCAL DATA ELEMENT F, LDF (RLIN) | |
| a | 7 |
| b | cbc |
| c | orignew |
| d | 1 |
| e | ecip |
| f | 20 |
| g | y-gencatlg |
| 942 ## - ADDED ENTRY ELEMENTS (KOHA) | |
| Source of classification or shelving scheme | |
| Koha item type | Book |
| Withdrawn status | Lost status | Source of classification or shelving scheme | Damaged status | Not for loan | Permanent Location | Current Location | Shelving location | Date acquired | Source of acquisition | Cost, normal purchase price | Total Checkouts | Full call number | Barcode | Date last seen | Date last checked out | Cost, replacement price | Price effective from | Koha item type |
|---|---|---|---|---|---|---|---|---|---|---|---|---|---|---|---|---|---|---|
| Pakistan Navy Engineering College (PNEC) | Pakistan Navy Engineering College (PNEC) | Reference | 02/20/2015 | ZS Dictionary Shop / Reference Grant | 22500.00 | 1 | 620.1127 BOSS | PNECLIB-032042 | 01/15/2016 | 01/15/2016 | 22500.00 | 02/20/2015 | Book |
